[Event "VI. Karnevals-Open"]
[Site "Solingen"]
[Date "2015.02.15"]
[Round "4.32"]
[White "Cornelißen, Jonas"]
[Black "Vishanji, Franz"]
[Result "1-0"]
[WhiteElo "1295"]
[BlackElo "1621"]
[PlyCount "95"]
[EventDate "2015.??.??"]
[WhiteTeam "SK Xanten"]
[BlackTeam "SV Turm Drolshagen"]

1. d4 Nf6 2. Nf3 d5 3. Bf4 e6 4. e3 Bd6 5. Bxd6 cxd6 6. Bd3 O-O 7. Nbd2 Nc6 8.
c3 e5 9. Be2 Qe7 10. h3 e4 11. Nh2 Ne8 12. Bg4 f5 13. Be2 Qg5 14. g3 Nf6 15. h4
Qg6 16. Nhf1 Ng4 17. Nh2 Qf6 18. Qb3 Qf7 19. Nxg4 fxg4 20. Rf1 a5 21. a4 Be6
22. O-O-O Qc7 23. Nxe4 h6 24. Nd2 Rae8 25. Nb1 Nb4 26. Na3 Bf5 27. Rd2 h5 28.
Kd1 Rc8 29. Nb5 Qc6 30. Na7 Qc7 31. Nxc8 Rxc8 32. f3 Be6 33. fxg4 hxg4 34. Rf4
Nc6 35. Bxg4 Bxg4+ 36. Rxg4 Qd7 37. Rf4 Qe6 38. Re2 Rc7 39. Qb6 Re7 40. Qb3 Kh7
41. Qc2+ g6 42. h5 Rg7 43. hxg6+ Rxg6 44. Rf3 Kg7 45. Qb3 Rh6 46. Qxb7+ Ne7 47.
Kd2 Qe4 48. Rf4 1-0

[Event "VI. Karnevals-Open"]
[Site "Solingen"]
[Date "2015.02.15"]
[Round "4.34"]
[White "Breuer, Cindy"]
[Black "Schütz, Samson"]
[Result "0-1"]
[WhiteElo "1495"]
[BlackElo "1687"]
[PlyCount "74"]
[EventDate "2015.??.??"]
[WhiteTeam "SK Xanten"]
[BlackTeam "Fideler Bauer Leverkusen"]

1. Nf3 Nf6 2. g3 d5 3. d4 e6 4. c4 Nbd7 5. c5 c6 6. Nc3 Be7 7. Bg2 O-O 8. O-O
Qc7 9. Bf4 Qd8 10. Re1 Re8 11. a4 a5 12. Qb1 Nf8 13. e4 Ng6 14. Bd2 dxe4 15.
Nxe4 Nxe4 16. Rxe4 e5 17. Qc1 Bf5 18. Re2 exd4 19. Qc4 Bg4 20. Re4 Bxf3 21.
Rxd4 Bd5 22. Bxd5 cxd5 23. Rxd5 Qc8 24. Rd1 Rd8 25. Bc3 Rxd5 26. Rxd5 Qc6 27.
Rf5 Rf8 28. h4 Qe6 29. Qg4 f6 30. h5 Nh8 31. h6 g6 32. Rf4 Qxg4 33. Rxg4 Bxc5
34. Bxa5 b6 35. Bc3 f5 36. Rc4 Rc8 37. b4 Bxf2+ 0-1

[Event "VI. Karnevals-Open"]
[Site "Solingen"]
[Date "2015.02.15"]
[Round "4.35"]
[White "Tanz, Manfred"]
[Black "Righi, Sofian"]
[Result "1-0"]
[WhiteElo "1608"]
[BlackElo "1601"]
[PlyCount "61"]
[EventDate "2015.??.??"]
[WhiteTeam "SV Hilden"]
[BlackTeam "Düsseldorfer SK"]

1. e4 c5 2. Nf3 d6 3. d4 cxd4 4. Qxd4 Bd7 5. Nc3 Nf6 6. Be2 Nc6 7. Qd1 g6 8.
O-O Bg7 9. Bc4 O-O 10. Re1 Ng4 11. h3 Nge5 12. Be2 Nxf3+ 13. Bxf3 h5 14. Be3
Qa5 15. Bd2 Nd4 16. Rb1 Nxf3+ 17. Qxf3 Rfc8 18. Rbd1 Qa6 19. Nd5 Kf8 20. Bc3
Bxc3 21. bxc3 Qxa2 22. Qe3 Kg7 23. Nxe7 Re8 24. Qd4+ Kf8 25. Nd5 Re5 26. f4
Qxc2 27. fxe5 a5 28. exd6 Kg8 29. Nf6+ Kh8 30. Nxh5+ Kh7 31. Qg7# 1-0

[Event "VI. Karnevals-Open"]
[Site "Solingen"]
[Date "2015.02.15"]
[Round "4.36"]
[White "Schaum, Moritz"]
[Black "Coenen, Siegfried"]
[Result "1/2-1/2"]
[WhiteElo "2036"]
[BlackElo "1992"]
[PlyCount "37"]
[EventDate "2015.??.??"]
[WhiteTeam "SF Erkelenz"]
[BlackTeam "SG Hochneukirch"]

1. d4 Nf6 2. c4 e6 3. g3 d5 4. Nf3 c6 5. Bg2 Nbd7 6. b3 Bd6 7. Bb2 Bb4+ 8. Nbd2
Ne4 9. a3 Be7 10. Nxe4 dxe4 11. Nd2 f5 12. O-O O-O 13. c5 Bf6 14. Qc2 Qe7 15.
Qc4 Nxc5 16. a4 Nd7 17. Ba3 c5 18. Rac1 b6 19. dxc5 1/2-1/2

[Event "VI. Karnevals-Open"]
[Site "Solingen"]
[Date "2015.02.15"]
[Round "5.1"]
[White "Coenen, Michael"]
[Black "Jesse, Ingemars"]
[Result "1-0"]
[WhiteElo "2404"]
[BlackElo "2423"]
[PlyCount "97"]
[EventDate "2015.??.??"]
[WhiteTeam "SG Hochneukirch"]
[BlackTeam "SG Bochum"]

1. e4 g6 2. d4 Bg7 3. Nc3 d6 4. Nf3 a6 5. a4 b6 6. Bc4 e6 7. O-O Bb7 8. Re1 Nd7
9. h3 Ne7 10. Bf4 h6 11. Bb3 g5 12. Bh2 Ng6 13. Qd2 O-O 14. Rad1 Kh8 15. Qe3
Nf6 16. e5 Nh5 17. Ne2 f5 18. Bxe6 Qe8 19. exd6 cxd6 20. Bxd6 f4 {(=)} 21. Qb3
Bxf3 22. Bxf8 Nh4 23. Bxg7+ Nxg7 24. Bg4 Bxg4 25. hxg4 f3 26. gxf3 Qf8 27. f4
gxf4 28. Qh3 Qf6 29. Nxf4 Kh7 30. Re4 Rf8 31. Rd2 Qg5 32. Qg3 h5 33. Rde2 hxg4
34. Nd3 Nf3+ 35. Kg2 Nh4+ 36. Kg1 Nf3+ 37. Kg2 Nh4+ 38. Kh1 Ngf5 39. Qc7+ Ng7
40. Qg3 Ngf5 41. Qxg4 Qh6 42. Re6 Ng6+ 43. Kg1 Nfh4 44. R2e3 Rg8 45. Rg3 Rg7
46. Rxb6 Qd2 47. Qh5+ Kg8 48. Rb8+ Kf7 49. Qd5+ 1-0

[Event "VI. Karnevals-Open"]
[Site "Solingen"]
[Date "2015.02.15"]
[Round "5.2"]
[White "Berg, Michael"]
[Black "Paulus, Jeffrey"]
[Result "1-0"]
[WhiteElo "2264"]
[BlackElo "1931"]
[PlyCount "45"]
[EventDate "2015.??.??"]
[WhiteTeam "SG Solingen"]
[BlackTeam "SG Porz"]

1. d4 Nf6 2. c4 e6 3. Nf3 d5 4. g3 c6 5. Qc2 Bb4+ 6. Nbd2 Qa5 7. Bg2 Nbd7 8.
O-O O-O 9. Nb3 Qa6 10. c5 b6 11. a3 Ba5 12. Nxa5 Qxa5 13. b4 Qb5 14. Bf4 Ba6
15. Rfe1 Ne4 16. Ne5 Nxe5 17. Bxe5 bxc5 18. f3 Nf6 19. bxc5 Rfc8 20. Qd2 Ne8
21. a4 Qc4 22. Bf1 f6 23. e3 1-0

[Event "VI. Karnevals-Open"]
[Site "Solingen"]
[Date "2015.02.15"]
[Round "5.3"]
[White "Heinert, Eugen"]
[Black "Zolfagharian, Kevin"]
[Result "0-1"]
[WhiteElo "2154"]
[BlackElo "2182"]
[PlyCount "112"]
[EventDate "2015.??.??"]
[WhiteTeam "OSC Rheinhausen"]
[BlackTeam "SG Solingen"]

1. d4 d5 2. c4 c6 3. cxd5 cxd5 4. Nc3 Nf6 5. Bf4 Nc6 6. e3 e6 7. Bd3 Be7 8. Rc1
a6 9. Nf3 O-O 10. h3 Bd7 11. O-O Nh5 12. Bh2 f5 13. Ne5 Nf6 14. Na4 Be8 15.
Nxc6 Bxc6 16. Nc5 Bxc5 17. Rxc5 Qe8 18. Qe2 g5 19. g4 Ne4 20. Rc2 h5 21. f3
hxg4 22. hxg4 Qg6 23. Rxc6 bxc6 24. fxe4 fxe4 25. Rxf8+ Rxf8 26. Bxa6 Qh7 27.
b4 Qh3 28. a4 Rf3 29. Qg2 Qh4 30. Kh1 Rxe3 31. Bf1 Qe1 32. b5 cxb5 33. axb5 Rf3
34. Kg1 {(=)} Qe3+ 35. Kh1 Qxd4 36. Bg1 Qa1 37. Be2 Rb3 38. Qh2 Qh8 39. Qxh8+
Kxh8 40. b6 e5 41. Ba6 d4 42. b7 Kg7 43. Kg2 Kf6 44. Kf2 Rb2+ 45. Ke1 e3 46.
Kd1 Ke6 47. Kc1 Rb6 48. Kc2 Kd5 49. Bh2 Ke4 50. Bg3 Kf3 51. Be1 e4 52. Ba5 d3+
53. Kc3 Rb1 54. Bb4 e2 55. Kc4 Rxb4+ 56. Kxb4 e1=Q+ 0-1

[Event "VI. Karnevals-Open"]
[Site "Solingen"]
[Date "2015.02.15"]
[Round "5.5"]
[White "Pauls, Wilhelm"]
[Black "Probst, Andreas"]
[Result "1/2-1/2"]
[WhiteElo "1956"]
[BlackElo "2041"]
[PlyCount "68"]
[EventDate "2015.??.??"]
[WhiteTeam "SG Kaarst"]
[BlackTeam "Düsseldorfer SK"]

1. e4 g6 2. d4 Bg7 3. Nc3 d6 4. Be3 a6 5. Qd2 Nd7 6. f3 b5 7. Nh3 Nb6 8. Nf2
Bd7 9. h4 h5 10. g4 Nf6 11. g5 Ng8 12. Bd3 e5 13. dxe5 dxe5 14. O-O-O Ne7 15.
Bc5 Bc6 16. Qe3 Nd7 17. Bf1 Qb8 18. Bxe7 Kxe7 19. Nd5+ Bxd5 20. exd5 Qb6 21.
Qe1 Rhd8 22. Ne4 Kf8 23. Bh3 a5 24. Kb1 Nc5 25. Qc3 Nxe4 26. fxe4 Kg8 27. Rhf1
Rd6 28. Rf3 c6 29. Rdf1 Rf8 30. dxc6 Rxc6 31. Qb3 Qc7 32. c3 Rb6 33. Rd3 a4 34.
Qc2 Rd6 1/2-1/2

[Event "VI. Karnevals-Open"]
[Site "Solingen"]
[Date "2015.02.15"]
[Round "5.6"]
[White "Große-Hering, Peter"]
[Black "Schaum, Moritz"]
[Result "1/2-1/2"]
[WhiteElo "1944"]
[BlackElo "2036"]
[PlyCount "36"]
[EventDate "2015.??.??"]
[WhiteTeam "SV Horst-Emscher"]
[BlackTeam "SF Erkelenz"]

1. Nf3 Nf6 2. g3 g6 3. Bg2 d5 4. d3 Bg7 5. O-O O-O 6. Nbd2 c5 7. e4 Nc6 8. c3
b6 9. Re1 Qc7 10. Nf1 Rd8 11. e5 Ng4 12. d4 cxd4 13. cxd4 Nb4 14. Bf4 Qc2 15.
a3 Qxf2+ 16. Kh1 Qxb2 17. Re2 Nf2+ 18. Rxf2 Qxf2 1/2-1/2

[Event "VI. Karnevals-Open"]
[Site "Solingen"]
[Date "2015.02.15"]
[Round "5.7"]
[White "Bub, Volker"]
[Black "Herzum, Peter"]
[Result "1/2-1/2"]
[WhiteElo "2079"]
[BlackElo "1998"]
[PlyCount "94"]
[EventDate "2015.??.??"]
[WhiteTeam "SC Tornado Hochneukirch"]
[BlackTeam "Düsseldorfer SK"]

1. g3 c5 2. Bg2 Nf6 3. Nf3 g6 4. O-O Bg7 5. d3 O-O 6. e4 d6 7. Nc3 Nc6 8. h3 a6
9. a4 Bd7 10. Be3 e5 11. Qd2 Nd4 12. Ne1 b5 13. axb5 axb5 14. Rxa8 Qxa8 15. Bh6
b4 16. Bxg7 Kxg7 17. Nd1 Nh5 18. c3 Nc6 19. Ne3 bxc3 20. bxc3 Be6 21. Nf5+ Bxf5
22. exf5 Qc8 23. Nc2 Ne7 24. fxg6 hxg6 25. Rb1 Nf6 26. Rb6 Qd8 27. Ra6 Qd7 28.
Ne3 d5 29. d4 cxd4 30. cxd4 e4 31. Rxf6 Kxf6 32. Ng4+ Ke6 33. Qh6 Ra8 34. Qg7
Kd6 35. Qe5+ Kc6 36. Qf4 Qe6 37. Ne5+ Kb7 38. Nxf7 Nf5 39. Ng5 Qd6 40. Qxd6
Nxd6 41. Ne6 Kc6 42. h4 Nf5 43. Bh3 Kd6 44. Bxf5 gxf5 45. Nf4 Ra1+ 46. Kg2 Rd1
47. h5 Ra1 1/2-1/2

[Event "VI. Karnevals-Open"]
[Site "Solingen"]
[Date "2015.02.15"]
[Round "5.8"]
[White "Fränzel, Dr. Marius"]
[Black "Flesch, Dr. Stefan"]
[Result "1/2-1/2"]
[WhiteElo "1864"]
[BlackElo "2121"]
[PlyCount "29"]
[EventDate "2015.??.??"]
[WhiteTeam "SG Solingen"]
[BlackTeam "Düsseldorfer SK"]

1. e4 g6 2. d4 Bg7 3. Nf3 d6 4. Be3 Nf6 5. Nc3 c6 6. h3 O-O 7. Be2 b6 8. O-O
Bb7 9. Qc1 c5 10. e5 Ne8 11. Rd1 cxd4 12. Bxd4 Nc6 13. exd6 Nxd4 14. Nxd4 Nxd6
15. Ndb5 1/2-1/2

[Event "VI. Karnevals-Open"]
[Site "Solingen"]
[Date "2015.02.15"]
[Round "5.9"]
[White "Boschek, Dr. Hans-Joachim"]
[Black "Siemes, Robert"]
[Result "0-1"]
[WhiteElo "1886"]
[BlackElo "2080"]
[PlyCount "88"]
[EventDate "2015.??.??"]
[WhiteTeam "SG Solingen"]
[BlackTeam "Ratinger SK"]

1. c4 Nf6 2. g3 c6 3. Bg2 d5 4. cxd5 cxd5 5. Nf3 e6 6. O-O Be7 7. d4 O-O 8. Nc3
Nc6 9. Bg5 b6 10. Bxf6 Bxf6 11. e4 dxe4 12. Nxe4 Be7 13. Nc3 Bb7 14. d5 exd5
15. Nxd5 Na5 16. Nxe7+ Qxe7 17. Re1 Qf6 18. Qd4 Qxd4 19. Nxd4 Bxg2 20. Kxg2 g6
21. Rac1 Rfd8 22. Nf3 Rd7 23. Rc2 Nb7 24. Rce2 Kg7 25. Re7 Rad8 26. h4 h6 27.
Rxd7 Rxd7 28. Re2 Nc5 29. b3 Ne6 30. Ne5 Rd5 31. Nc4 Kf6 32. Ne3 Rd4 33. Nc2
Rd7 34. Ne3 h5 35. Nc4 Rd5 36. Ne3 Rd3 37. Nc4 Rd5 38. Ne3 Rd8 39. Nc4 b5 40.
Ne3 a5 41. Rc2 Rd7 42. Kf1 Ke5 43. Ng2 Rd1+ 44. Ne1 Nd4 0-1

[Event "VI. Karnevals-Open"]
[Site "Solingen"]
[Date "2015.02.15"]
[Round "5.10"]
[White "Pan, Yun"]
[Black "Lindam, Ingo"]
[Result "0-1"]
[WhiteElo "1646"]
[BlackElo "2064"]
[PlyCount "126"]
[EventDate "2015.??.??"]
[WhiteTeam "Fideler Bauer Leverkusen"]
[BlackTeam "Kölner SK Dr. Lasker"]

1. e4 c5 2. Nf3 e6 3. d4 cxd4 4. Nxd4 Nc6 5. Nb5 d6 6. c4 Nf6 7. N1c3 a6 8. Na3
Be7 9. Be2 b6 10. O-O Bb7 11. Be3 O-O 12. f4 d5 13. cxd5 exd5 14. e5 d4 15.
exf6 Bxf6 16. Nc2 dxe3 17. Qxd8 Raxd8 18. Bf3 Rd2 19. Nxe3 Bd4 20. Rfe1 Re8 21.
Ncd5 Nb4 22. Kh1 Nd3 23. Re2 Rxe2 24. Bxe2 Bxe3 25. Nc7 Nf2+ 26. Kg1 Rc8 27.
Nxa6 Nd3+ 28. Kf1 Bxa6 29. Rd1 Rc1 30. Rxc1 Bxc1 31. g3 Bxb2 32. a4 Nc5 33.
Bxa6 Nxa6 34. Ke2 Nc5 35. Kd2 Nxa4 36. Kc2 Bd4 37. h3 Nc5 38. f5 b5 39. g4 Bf6
40. Kb1 Kf8 41. Ka2 b4 42. Kb1 Ke7 43. Kc2 Kd6 44. Kd2 Kd5 45. Ke3 b3 46. Kd2
Ke4 47. Kc1 Kf3 48. Kb1 Kg3 49. g5 Bxg5 50. h4 Bxh4 51. Kb2 Bf6+ 52. Kb1 h5 53.
Kc1 h4 54. Kd2 Kf4 55. Kd1 h3 56. Ke1 h2 57. Kd2 b2 58. Kc2 Kxf5 59. Kd2 b1=Q
60. Ke3 Qd3+ 61. Kf2 Ne4+ 62. Kg2 Qg3+ 63. Kf1 Qf2# 0-1

[Event "VI. Karnevals-Open"]
[Site "Solingen"]
[Date "2015.02.15"]
[Round "5.11"]
[White "Suvorov, Alexander"]
[Black "Heldt, Maximilian"]
[Result "1/2-1/2"]
[WhiteElo "1823"]
[BlackElo "1993"]
[PlyCount "113"]
[EventDate "2015.??.??"]
[WhiteTeam "SG Porz"]
[BlackTeam "SF Katernberg"]

1. d4 c5 2. c3 g6 3. Nf3 Bg7 4. Bf4 Qb6 5. Qc1 cxd4 6. cxd4 Nc6 7. e3 d6 8. Nc3
Bf5 9. a3 Nf6 10. Be2 O-O 11. O-O Rac8 12. Nh4 Bd7 13. Rb1 h6 14. Nf3 Bf5 15.
Ra1 Na5 16. Nd2 Nb3 17. Nxb3 Qxb3 18. Qd2 Ne4 19. Nxe4 Bxe4 20. Rac1 Qd5 21. f3
Bf5 22. Bg3 Bd7 23. Bf2 e5 24. e4 Qe6 25. d5 Qe7 26. Bxa7 f5 27. Bb6 g5 28.
Rxc8 Bxc8 29. Rc1 g4 {(=)} 30. Rf1 f4 31. fxg4 Qg5 32. h3 h5 33. Qd1 Bd7 34.
Qd3 hxg4 35. Bxg4 Bxg4 36. hxg4 Qxg4 37. Qf3 Qd7 38. Ba5 Rf6 39. Be1 Rf8 40.
Bf2 Rc8 41. Qe2 Qa4 42. Qg4 Re8 43. Qg6 Qd7 44. Bh4 Rc8 45. Rf2 Rc4 46. Bf6 Qf7
47. Qxf7+ Kxf7 48. Bxg7 Kxg7 49. Re2 Kg6 50. Kf2 Kg5 51. Kf3 b5 52. g3 fxg3 53.
Kxg3 b4 54. Re3 Rc2 55. Rb3 bxa3 56. bxa3 Ra2 57. Rc3 1/2-1/2

[Event "VI. Karnevals-Open"]
[Site "Solingen"]
[Date "2015.02.15"]
[Round "5.12"]
[White "Speck, Stefan"]
[Black "Nguyen, Gia Huy Philipp"]
[Result "1-0"]
[WhiteElo "1984"]
[BlackElo "1832"]
[PlyCount "49"]
[EventDate "2015.??.??"]
[WhiteTeam "SC Solingen 28"]
[BlackTeam "SG Solingen"]

1. d4 d5 2. c4 e5 3. dxe5 d4 4. a3 Nc6 5. e3 Nge7 6. Nf3 Bg4 7. Be2 dxe3 8.
Bxe3 Qxd1+ 9. Bxd1 Ng6 10. O-O Ngxe5 11. Nxe5 Nxe5 12. Bf4 O-O-O 13. Bxg4+ Nxg4
14. Nc3 Rd4 15. Bxc7 Rxc4 16. Bg3 a6 17. Nd5 Rc6 18. Rac1 Kd7 19. Rfd1 Rxc1 20.
Rxc1 Bd6 21. Nb6+ Ke6 22. Re1+ Ne5 23. Bxe5 Bxe5 24. f4 Kf5 25. Rxe5+ 1-0

[Event "VI. Karnevals-Open"]
[Site "Solingen"]
[Date "2015.02.15"]
[Round "5.13"]
[White "Chittka, Julius"]
[Black "Baltic, Fatih"]
[Result "1/2-1/2"]
[WhiteElo "1928"]
[BlackElo "1860"]
[PlyCount "121"]
[EventDate "2015.??.??"]
[WhiteTeam "SF Düsseldorf-Süd"]
[BlackTeam "SG Porz"]

1. d4 Nf6 2. c4 c5 3. d5 b5 4. cxb5 a6 5. bxa6 g6 6. Nc3 Bxa6 7. e4 Bxf1 8.
Kxf1 d6 9. Nf3 Bg7 10. g3 O-O 11. Kg2 Nbd7 12. a4 Qa5 13. Qe2 Rfb8 14. Nd2 Rb4
15. Ra3 Ne8 16. f4 Rab8 17. Qd3 Bxc3 18. Qxc3 Qa6 19. a5 Nc7 20. Qe3 Nb5 21.
Ra1 Nd4 22. Qf2 R8b5 23. Rf1 Rxa5 24. Rxa5 Qxa5 25. Nf3 Nb3 26. e5 Nxc1 27.
Rxc1 Qa2 28. Rc2 Qxd5 29. Rd2 Qc6 30. exd6 exd6 31. Qe3 Nf6 32. Qd3 Ne4 33. Re2
Qb7 34. Kh3 f5 35. Ng5 Nxg5+ 36. fxg5 Rd4 37. Qa3 Re4 38. Rd2 Qe7 39. Qb3+ Kg7
40. Qc3+ Re5 41. Re2 Kf8 42. Rxe5 Qxe5 43. Qb3 Kg7 44. Qb7+ Kg8 45. Qa8+ Kf7
46. Qb7+ Qe7 47. Qd5+ Kg7 48. Qd2 Qe6 49. Qf4 Kf7 50. Qf3 Kg7 51. Qc3+ Qe5 52.
Qb3 Qe4 53. Qc3+ Qe5 54. Qb3 Qe7 55. Qd5 Qxg5 56. Qxd6 Qg4+ 57. Kg2 Qe2+ 58.
Kg1 Qe1+ 59. Kg2 Qe2+ 60. Kg1 Qxb2 61. Qe7+ 1/2-1/2

[Event "VI. Karnevals-Open"]
[Site "Solingen"]
[Date "2015.02.15"]
[Round "5.14"]
[White "Kagan, Dennis"]
[Black "Suvorov, Luca"]
[Result "1/2-1/2"]
[WhiteElo "1926"]
[BlackElo "1757"]
[PlyCount "34"]
[EventDate "2015.??.??"]
[WhiteTeam "SG Porz"]
[BlackTeam "SG Porz"]

1. e4 c6 2. c4 d5 3. exd5 cxd5 4. cxd5 Nf6 5. Qa4+ Nbd7 6. Nc3 g6 7. Bc4 Bg7 8.
Qb3 O-O 9. Nf3 a6 10. a4 Qc7 11. O-O Nc5 12. Qa2 Nce4 13. Re1 Nd6 14. d3 b6 15.
Bg5 Bb7 16. Re2 b5 17. Bb3 Rfe8 1/2-1/2

[Event "VI. Karnevals-Open"]
[Site "Solingen"]
[Date "2015.02.15"]
[Round "5.15"]
[White "Ljuboschiz, Dr. Alexander"]
[Black "Kuehn, Patrick"]
[Result "1-0"]
[WhiteElo "2127"]
[BlackElo "1763"]
[PlyCount "63"]
[EventDate "2015.??.??"]
[WhiteTeam "SV Würselen"]
[BlackTeam "SG Hochneukirch"]

1. e4 c5 2. Nf3 d6 3. d4 cxd4 4. Nxd4 Nf6 5. Nc3 g6 6. Be2 Bg7 7. Be3 Nc6 8.
Qd2 O-O 9. f4 e5 10. Nxc6 bxc6 11. fxe5 dxe5 12. Qxd8 Rxd8 13. h3 Be6 14. O-O
Rdb8 15. b3 Nd7 16. Na4 Bf8 17. Rad1 c5 18. Nc3 f6 19. Nd5 Bxd5 20. Rxd5 Nb6
21. Rd2 Be7 22. a4 Rd8 23. Rfd1 Rxd2 24. Rxd2 Rc8 25. a5 Na8 26. Ba6 Rc7 27.
Bc4+ Kg7 28. Bd5 Rc8 29. Bb7 Rb8 30. Rd7 Kf8 31. Bd5 a6 32. Ra7 1-0

[Event "VI. Karnevals-Open"]
[Site "Solingen"]
[Date "2015.02.15"]
[Round "5.16"]
[White "Runte, Dirk"]
[Black "Görke, Joachim"]
[Result "0-1"]
[WhiteElo "1720"]
[BlackElo "2124"]
[PlyCount "88"]
[EventDate "2015.??.??"]
[WhiteTeam "Fideler Bauer Leverkusen"]
[BlackTeam "SG Solingen"]

1. d4 c5 2. Nf3 cxd4 3. Nxd4 d5 4. g3 e5 5. Nb3 Nc6 6. Bg2 Be6 7. O-O Qd7 8.
Nc3 Rd8 9. e4 dxe4 10. Qxd7+ Rxd7 11. Nxe4 Nd4 12. Nxd4 exd4 13. Bf4 f6 14.
Rfe1 Kf7 15. h3 h6 16. g4 g5 17. Bd2 Be7 18. Ng3 h5 19. Nxh5 f5 20. gxf5 Bxf5
21. Ng3 Bxc2 22. Ne4 Bxe4 23. Rxe4 Rh4 24. Rxh4 gxh4 25. Re1 Bf6 26. Bf3 Ne7
27. Bh5+ Kg7 28. Re4 d3 29. Bc3 Bxc3 30. bxc3 Kf6 31. Rd4 Rxd4 32. cxd4 Nc6 33.
Kf1 Kg5 34. Bg4 Nxd4 35. Ke1 Kf4 36. Kd2 Ke4 37. Bc8 Nf3+ 38. Kd1 b6 39. Bb7+
Kf4 40. a4 Ng5 41. Kd2 Nxh3 42. Kxd3 Nxf2+ 43. Kc4 h3 44. Kb5 Ne4 0-1

[Event "VI. Karnevals-Open"]
[Site "Solingen"]
[Date "2015.02.15"]
[Round "5.18"]
[White "Winand, Michael"]
[Black "Ramien, David"]
[Result "1/2-1/2"]
[WhiteElo "1675"]
[BlackElo "1987"]
[PlyCount "92"]
[EventDate "2015.??.??"]
[WhiteTeam "Aachener SV"]
[BlackTeam "SG Porz"]

1. e4 c5 2. Nf3 Nc6 3. d3 d6 4. g3 g6 5. Bg2 Bg7 6. Nbd2 e6 7. O-O Nge7 8. c3
O-O 9. Re1 Qc7 10. Qc2 Bd7 11. Nf1 d5 12. Bf4 e5 13. Bg5 Be6 14. b4 cxb4 15.
cxb4 Qb6 16. a3 f6 17. Be3 d4 18. Bd2 Rfc8 19. Qb1 a6 20. Rc1 Rc7 21. a4 Rac8
22. Qb2 a5 23. b5 Bf8 24. Rab1 Nb4 25. Bxb4 Rxc1 26. Rxc1 Rxc1 27. Bxe7 Rxf1+
28. Bxf1 Bxe7 29. Qc2 Qc5 30. Qxc5 Bxc5 31. Nd2 Ba2 32. Be2 Bb4 33. Nc4 Bb3 34.
Nb2 Bc3 35. Bd1 Ba2 36. Nc4 Bb1 37. Nd6 b6 38. Nc8 Bxd3 39. f3 Kf8 40. Nxb6 Bb4
41. Kf2 Ke8 42. Bb3 f5 43. Nc4 fxe4 44. fxe4 Bxe4 45. Nxe5 Ke7 46. Ke2 Bc5
1/2-1/2

[Event "VI. Karnevals-Open"]
[Site "Solingen"]
[Date "2015.02.15"]
[Round "5.19"]
[White "Lehmkau, Steffen"]
[Black "Krüger, Till"]
[Result "0-1"]
[WhiteElo "1452"]
[BlackElo "1973"]
[PlyCount "64"]
[EventDate "2015.??.??"]
[WhiteTeam "SV Mülheim-Nord"]
[BlackTeam "SC Nidderau"]

1. d4 Nf6 2. c4 g6 3. Nc3 Bg7 4. e4 d6 5. Nf3 O-O 6. Bd3 Nbd7 7. O-O e5 8. d5
Nc5 9. Bc2 a5 10. Re1 Nh5 11. Be3 b6 12. h3 Nf4 13. Qd2 Qf6 14. Bxf4 exf4 15.
Rab1 g5 16. Ne2 Re8 17. Ned4 Qd8 18. Nc6 Qd7 19. Nxg5 h6 20. Nf3 Be5 21. Ncxe5
dxe5 22. Qe2 Qe7 23. Nd2 Kh7 24. f3 Rg8 25. Kf1 Bd7 26. Qf2 Rg3 27. Ke2 Rag8
28. Rg1 Qg5 29. Rbf1 Bxh3 30. gxh3 Rxg1 31. Rxg1 Qxg1 32. Qxg1 Rxg1 0-1

[Event "VI. Karnevals-Open"]
[Site "Solingen"]
[Date "2015.02.15"]
[Round "5.20"]
[White "Rosenauer, Horst"]
[Black "Falge, Rainer"]
[Result "1-0"]
[WhiteElo "1963"]
[BlackElo "1715"]
[PlyCount "43"]
[EventDate "2015.??.??"]
[WhiteTeam "Bergische SF"]
[BlackTeam "SG Solingen"]

1. e4 d6 2. d4 Nf6 3. Bd3 e5 4. d5 Nbd7 5. c4 Nc5 6. Nc3 c6 7. Nge2 Nxd3+ 8.
Qxd3 c5 9. O-O Be7 10. Ng3 O-O 11. Nd1 Bd7 12. Ne3 Ng4 13. Nef5 Bxf5 14. Nxf5
g6 15. Nxe7+ Qxe7 16. h3 Nf6 17. Bg5 Kg7 18. Qe3 Rh8 19. f4 h6 20. fxe5 Nxd5
21. Bf6+ Kh7 22. exd5 1-0

[Event "VI. Karnevals-Open"]
[Site "Solingen"]
[Date "2015.02.15"]
[Round "5.21"]
[White "Barisch, Florian"]
[Black "Müller, Adrian"]
[Result "1-0"]
[WhiteElo "1920"]
[BlackElo "1660"]
[PlyCount "83"]
[EventDate "2015.??.??"]
[WhiteTeam "SC Butzbach 2000"]
[BlackTeam "Fideler Bauer Leverkusen"]

1. d4 Nf6 2. c4 g6 3. Nc3 Bg7 4. e4 d6 5. f3 O-O 6. Be3 e5 7. d5 a5 8. Qd2 Nh5
9. g4 Nf4 10. Nge2 a4 11. Nxf4 exf4 12. Bd4 Qh4+ 13. Kd1 Bxd4 14. Qxd4 Nd7 15.
Kc2 Ne5 16. Be2 Qe7 17. Rag1 h6 18. h4 f6 19. Qd2 Bd7 20. Qxf4 Kg7 21. Nd1 Rab8
22. Nc3 Ra8 23. Qg3 g5 24. f4 Ng6 25. hxg5 hxg5 26. f5 Ne5 27. Qe3 b6 28. Nd1
Rab8 29. Nf2 b5 30. cxb5 Bxb5 31. Bxb5 Rxb5 32. Qh3 Rg8 33. Qh7+ Kf8 34. Qxe7+
Kxe7 35. Rh7+ Nf7 36. Nd3 Rbb8 37. Rgh1 Rb6 38. a3 Rb3 39. R1h3 Rb7 40. Nb4 Ke8
41. Nc6 Rf8 42. R3h6 1-0

[Event "VI. Karnevals-Open"]
[Site "Solingen"]
[Date "2015.02.15"]
[Round "5.22"]
[White "Lukoviczki, Matyas"]
[Black "Schulten, Sandro"]
[Result "1-0"]
[WhiteElo "1846"]
[BlackElo "1493"]
[PlyCount "51"]
[EventDate "2015.??.??"]
[WhiteTeam "SG Kaarst"]
[BlackTeam "BW Concordia Viersen"]

1. e4 c6 2. f4 d5 3. Nc3 dxe4 4. Nxe4 e6 5. Nf3 Nf6 6. Ng3 Bd6 7. d4 Nbd7 8.
Bd3 O-O 9. Ng5 Qc7 10. Qf3 g6 11. Be3 b6 12. O-O-O Bb7 13. h4 h5 14. Bxg6 fxg6
15. Nxe6 Qc8 16. f5 c5 17. d5 Nxd5 18. Rxd5 Nf6 19. Rhd1 Nxd5 20. Rxd5 Bxg3 21.
Qxg3 Rf6 22. Rd8+ Qxd8 23. Nxd8 Rxd8 24. Bg5 Rdd6 25. Bxf6 Rxf6 26. Qb8+ 1-0

[Event "VI. Karnevals-Open"]
[Site "Solingen"]
[Date "2015.02.15"]
[Round "5.23"]
[White "Nixdorf, Andre"]
[Black "Kroo, Julian"]
[Result "1/2-1/2"]
[WhiteElo "1998"]
[BlackElo "1644"]
[PlyCount "34"]
[EventDate "2015.??.??"]
[WhiteTeam "SK Norderstedt"]
[BlackTeam "SV Turm Drolshagen"]

1. e4 c5 2. Nf3 Nc6 3. d4 cxd4 4. Nxd4 e5 5. Nb5 d6 6. N1c3 a6 7. Na3 b5 8. Nd5
Be6 9. c3 Nf6 10. Bg5 Be7 11. Bxf6 Bxf6 12. Bd3 Bxd5 13. exd5 Ne7 14. Nc2 O-O
15. a4 bxa4 16. Rxa4 a5 17. Ne3 Qb6 1/2-1/2

[Event "VI. Karnevals-Open"]
[Site "Solingen"]
[Date "2015.02.15"]
[Round "5.24"]
[White "Peters, Jens"]
[Black "Timar-Geng, Dr. Zoltan"]
[Result "1/2-1/2"]
[WhiteElo "1781"]
[BlackElo "1939"]
[PlyCount "53"]
[EventDate "2015.??.??"]
[WhiteTeam "SK Xanten"]
[BlackTeam "SC Eulenspiegel Regensb."]

1. e4 e5 2. Nf3 Nc6 3. d4 exd4 4. Bc4 Nf6 5. e5 d5 6. Bb5 Ne4 7. Nxd4 Bd7 8.
Bxc6 bxc6 9. O-O Be7 10. f3 Nc5 11. Nc3 O-O 12. f4 Ne6 13. f5 Nxd4 14. Qxd4 Bg5
15. f6 gxf6 16. exf6 Bxc1 17. Raxc1 Kh8 18. Qh4 Rg8 19. Rce1 Rg4 20. Qh5 Qg8
21. Rf2 Rg5 22. Qh4 Qg6 23. Qf4 Rg8 24. g3 Rf5 25. Qd4 Rg5 26. Qf4 Rf5 27. Qd4
1/2-1/2

[Event "VI. Karnevals-Open"]
[Site "Solingen"]
[Date "2015.02.15"]
[Round "5.25"]
[White "Vishanji, Adrian"]
[Black "Vishanji, Denis"]
[Result "1-0"]
[WhiteElo "1908"]
[BlackElo "1127"]
[PlyCount "55"]
[EventDate "2015.??.??"]
[WhiteTeam "SV Turm Drolshagen"]
[BlackTeam "SV Turm Drolshagen"]

1. e4 e6 2. f4 d5 3. e5 c5 4. Nf3 Ne7 5. d4 Nf5 6. c3 Nc6 7. Bd3 Nh4 8. Bb5
Nxg2+ 9. Kf2 Nh4 10. Be3 cxd4 11. Nxd4 Bd7 12. Nxc6 Bxc6 13. Bxc6+ bxc6 14. Qa4
Qc7 15. Nd2 Be7 16. Rag1 O-O 17. Rg4 Nf5 18. Rhg1 c5 19. Nf3 Rfb8 20. Qc2 c4
21. Nd4 Bc5 22. Nxf5 Bxe3+ 23. Nxe3 g6 24. h4 h5 25. Rg5 Qb6 26. Rxg6+ fxg6 27.
Qxg6+ Kf8 28. Qg8+ 1-0